| 000 | 01188nam a2200373 c 4500 | ||
|---|---|---|---|
| 001 | 44930 | ||
| 003 | ES-MaCES | ||
| 005 | 20150929135608.0 | ||
| 008 | 140717s2014 sp | y ||0 | spa d | ||
| 017 |
_aM 1255-2014 _bDL |
||
| 020 | _a9788461679492 | ||
| 040 |
_aES-MaCES _bspa _cES-MaCES |
||
| 245 | 0 | 0 |
_aAnuario del euro 2013 _cdir., Fernando Fernández Méndez de Andés ; con la col. de Carlos Poza Lara |
| 260 |
_a[Madrid] _bFundación de Estudios Financieros |
||
| 260 |
_bFundación ICO _c[2014] |
||
| 300 |
_a300 p. _bgráf. col. _c24 cm |
||
| 541 | _cGratuito | ||
| 650 | 4 |
_amoneda _928095 |
|
| 650 | 4 |
_apolítica monetaria _928101 |
|
| 650 | 4 |
_apolítica financiera _928124 |
|
| 650 | 4 |
_amercado financiero _928150 |
|
| 650 | 4 |
_aunión monetaria _928170 |
|
| 650 | 4 |
_aUEM _930760 |
|
| 650 | 4 |
_a2013 _931985 |
|
| 650 | 4 |
_aanuario _928963 |
|
| 653 | 1 | 0 | _aMoneda |
| 650 | 4 |
_926752 _aUE |
|
| 700 | 1 |
_aFernández Méndez de Andés, Fernando _edir. _911920 |
|
| 700 | 1 |
_aPoza Lara, Carlos _ecol. _935098 |
|
| 710 | 2 |
_aFundación de Estudios Financieros (Madrid) _eed. _93793 |
|
| 710 | 2 |
_aFundación ICO _eed. _93839 |
|
| 902 | _aLIB Libro | ||
| 942 |
_2CES _cBK _h0.0. |
||
| 999 |
_c44930 _d44930 |
||